000 00239nam a2200097Ia 4500
001 1228888
005 20250827093050.0
008 250824s9999 xx 000 0 und d
245 0 _aKAÇIŞ
_cANGIE SAGE
260 _bALTIN KİTAPLAR YAYINLARI
999 _c1228888
_d1228888